000 00427nam a22001697a 4500
005 20180710114959.0
008 160525b xxu||||| |||| 00| 0 eng d
020 _a81-7660-130-6
041 _aeng
082 _b4926
_a658.15
100 _aChandra, Prasanna
_91156
245 _aFundamental of Financial Mnagement
260 _aNew Delhi
_bAcademic Faundation
300 _a729p,
650 _aManagement
_9241
942 _cBK
999 _c1723
_d1722